| 000 -ლიდერი |
| ფიქსირებული სიგრძის საკონტროლო ველი |
01879nam a2200289Ia 4500 |
| 001 - საკონტროლო ნომერი |
| საკონტროლო ველი |
23233 |
| 003 - საკონტროლო ნომრის იდენტიფიკატორი |
| საკონტროლო ველი |
GE_BSU |
| 005 - ბოლო ოპერაციის თარიღი და დრო |
| საკონტროლო ველი |
20250915165259.0 |
| 008 - ფიქსირებული სიგრძის მონაცემთა ელემენტები - ზოგადი ინფორმაცია |
| ფიქსირებული სიგრძის საკონტროლო ველი |
181216s1964||||ge |||||||||||||| ||geo|| |
| 040 ## - კატალოგიზაციის წყარო |
| Transcribing agency |
GE_BSU |
| 041 ## - ენის კოდი |
| Language code of text/sound track or separate title |
geo |
| 080 ## - უნივერსალური ათობითი კლასიფიკაციის ინდექსი |
| Universal Decimal Classification number |
94(479.22) + 913.1(479.22) ბ-57 |
| 100 ## - მთავარი ჩანაწერი - პიროვნების სახელი |
| Personal name |
ბერძენიშვილი, ნიკოლოზ |
| 9 (RLIN) |
1447 |
| 245 ## - ცნობა სათაურის შესახებ |
| Title |
საქართველოს ისტორიის საკითხები. წ. 1 : |
| Remainder of title |
ისტორიული გეოგრაფია / |
| Statement of responsibility, etc |
ნიკოლოზ ბერძენიშვილი ; რედ. : დ. მეგრელაძე ; მხატვ. : გ. ნადირაძე ; საქ. სსრ მეცნ. აკად., ივ. ჯავახიშვილის სახ. ისტორიის ინ-ტი. |
| 264 ## - წარმოების, გამოცემის, დისტრიბუციის და სხვა ცნობები |
| გამოცემის, წარმოების, დისტრიბუციის... ადგილი |
თბილისი : |
| გამოცემის, წარმოების, დისტრიბუციის... სახელწოდება |
საქ. მეცნ. აკად. გამ-ბა, |
| გამოცემის, წარმოების, დისტრიბუციის... თარიღი |
1964. |
| 300 ## - ფიზიკური აღწერა |
| Extent |
452 გვ. : |
| Other physical details |
6 ფ. ილ. ; |
| Dimensions |
22 სმ. |
| 520 ## - SUMMARY, ETC. |
| Summary, etc |
პარალ. სათ. რუს. ენ. |
| 653 ## - INDEX TERM--UNCONTROLLED |
| Uncontrolled term |
საქართველოს ისტორია |
| 653 ## - INDEX TERM--UNCONTROLLED |
| Uncontrolled term |
საქართველოს ისტორიული გეოგრაფია |
| 653 ## - INDEX TERM--UNCONTROLLED |
| Uncontrolled term |
საქართველოს ისტორიის საკითხები |
| 653 ## - INDEX TERM--UNCONTROLLED |
| Uncontrolled term |
წ. 1 : ისტორიული გეოგრაფია |
| 700 ## - ADDED ENTRY--PERSONAL NAME |
| Personal name |
მეგრელიძე, დ. |
| Relator term |
რედაქტორი |
| 9 (RLIN) |
3786 |
| 700 ## - ADDED ENTRY--PERSONAL NAME |
| Personal name |
ნადირაძე, გ. |
| Relator term |
მხატვარი |
| 9 (RLIN) |
25814 |
| 710 ## - ADDED ENTRY--CORPORATE NAME |
| Corporate name or jurisdiction name as entry element |
საქართველოს სსრ მეცნიერებათა აკადემია |
| Subordinate unit |
ივ. ჯავახიშვილის სახ. ისტორიის ინსტიტუტი |
| 9 (RLIN) |
18018 |
| 942 ## - ADDED ENTRY ELEMENTS (KOHA) |
| Koha item type |
წიგნი |
| Source of classification or shelving scheme |
|